[Event "POL-chT 2nd League"]
[Site "Jastrzebia Gora"]
[Date "2015.09.11"]
[Round "7.94"]
[White "Halamus, Agata"]
[Black "Czaplewska, Klara"]
[Result "0-1"]
[WhiteElo "2058"]
[BlackElo "1914"]
[PlyCount "101"]
[EventDate "2015.09.05"]
[EventType "team-swiss"]
[EventRounds "9"]
[EventCountry "POL"]
[SourceTitle "EXT 2017"]
[Source "ChessBase"]
[SourceDate "2016.10.25"]
[SourceVersion "1"]
[SourceVersionDate "2016.10.25"]
[SourceQuality "1"]
[WhiteTeam "Mikolow AKS"]
[BlackTeam "Bialystok MUKS Stoczek 45"]
[WhiteTeamCountry "POL"]
[BlackTeamCountry "POL"]

1. e4 e5 2. Nf3 Nc6 3. g3 Nf6 4. Nc3 d5 5. exd5 Nxd5 6. Bg2 Be6 7. 0-0 Be7 8. Re1 Nxc3 9. bxc3 Qd6 10. a4 Bf6 11. Ba3 Qd7 12. Rb1 0-0-0 13. Qe2 Bd5 14. Qb5 Nb8 15. Qa5 Nc6 16. Qb5 Nb8 17. Qb4 Rde8 18. c4 Bc6 19. d3 h5 20. h4 e4 21. dxe4 Rxe4 22. Rxe4 Bxe4 23. Ne5 Qf5 24. f3 Qxe5 25. fxe4 b6 26. Qe1 g5 27. Kh1 gxh4 28. Bb2 Qe6 29. Qf1 Nd7 30. Bxf6 Nxf6 31. e5 Ng4 32. c5 Qxe5 33. Rd1 c6 34. Bxc6 Kc7 35. Qf3 Nf2+ 36. Qxf2 Kxc6 37. Rd6+ Kc7 38. Qxf7+ Kb8 39. Qf3 Qxg3 40. Qf1 Qe5 41. Qd3 Qe1+ 42. Kh2 Qg3+ 43. Qxg3 hxg3+ 44. Kxg3 Kc7 45. Rg6 h4+ 46. Kh3 bxc5 47. Rg7+ Kb6 48. Rg6+ Ka5 49. Rg5 Rh6 50. Rxc5+ Kb6 51. Rc3 0-1

[Event "Politiken Cup 35th"]
[Site "Helsingor"]
[Date "2013.07.28"]
[Round "3"]
[White "Halamus, Agata"]
[Black "Tari, Aryan"]
[Result "0-1"]
[WhiteElo "2046"]
[BlackElo "2383"]
[PlyCount "54"]
[EventDate "2013.07.27"]
[EventType "swiss"]
[EventRounds "10"]
[EventCountry "DEN"]
[SourceTitle "CBM 155 Extra"]
[Source "ChessBase"]
[SourceDate "2013.08.26"]
[SourceVersion "1"]
[SourceVersionDate "2013.08.26"]
[SourceQuality "1"]

1. e4 c6 2. d4 d5 3. Nc3 dxe4 4. Nxe4 Nd7 5. Nf3 Ngf6 6. Nxf6+ Nxf6 7. c3 Bf5 8. Bd3 Bxd3 9. Qxd3 e6 10. 0-0 Be7 11. Ne5 0-0 12. Bf4 Qd5 13. Qe2 Rfd8 14. Rfe1 Rac8 15. Bg3 Re8 16. a4 g6 17. a5 Nh5 18. b4 Nxg3 19. fxg3 Bf6 20. Ng4 Bg7 21. Qf2 Qc4 22. Qf3 Red8 23. Kh1 b6 24. axb6 axb6 25. Ra7 f5 26. Rea1 Qd5 27. Qe3 fxg4 0-1

[Event "Politiken Cup 35th"]
[Site "Helsingor"]
[Date "2013.07.27"]
[Round "1"]
[White "Halamus, Agata"]
[Black "Kyrkjebo, Hannah Bakken"]
[Result "1-0"]
[WhiteElo "2046"]
[BlackElo "1577"]
[PlyCount "91"]
[EventDate "2013.07.27"]
[EventType "swiss"]
[EventRounds "10"]
[EventCountry "DEN"]
[SourceTitle "CBM 155 Extra"]
[Source "ChessBase"]
[SourceDate "2013.08.26"]
[SourceVersion "1"]
[SourceVersionDate "2013.08.26"]
[SourceQuality "1"]

1. e4 e5 2. Nf3 Nc6 3. Bc4 Bc5 4. c3 Nf6 5. d3 d6 6. 0-0 a6 7. Bb3 0-0 8. Nbd2 Bg4 9. h3 Bh5 10. Re1 Re8 11. Nf1 h6 12. Ng3 Bg6 13. Be3 Bxe3 14. Rxe3 Ne7 15. Nh4 c6 16. Qf3 Qc7 17. Ngf5 Bxf5 18. exf5 Ned5 19. Ree1 Rad8 20. Rad1 Nb6 21. g4 d5 22. Qg3 Qd6 23. Ng2 e4 24. Qe3 Nbd7 25. d4 Nh7 26. h4 Ndf6 27. Qh3 Qc7 28. Re3 Nd7 29. Rde1 Qb8 30. Rg3 Nhf8 31. g5 h5 32. g6 f6 33. Rge3 Nb6 34. Rxe4 Rxe4 35. Rxe4 Re8 36. Rxe8 Qxe8 37. Qf3 a5 38. a4 Nbd7 39. Nf4 Qe1+ 40. Kg2 Nb6 41. Nxh5 Qa1 42. Qe3 Nc8 43. Qe8 Nd6 44. Qe7 Ne8 45. Qf7+ Kh8 46. Qxf8# 1-0

[Event "Lazy op 8th"]
[Site "Lazy"]
[Date "2012.07.07"]
[Round "8"]
[White "Halamus, Agata"]
[Black "Krainski, Slawomir"]
[Result "1-0"]
[WhiteElo "2056"]
[BlackElo "2125"]
[PlyCount "95"]
[EventDate "2012.06.30"]
[EventType "swiss"]
[EventRounds "9"]
[EventCountry "POL"]
[SourceTitle "CBM 149 Extra"]
[Source "ChessBase"]
[SourceDate "2012.08.24"]
[SourceVersion "1"]
[SourceVersionDate "2012.08.24"]
[SourceQuality "1"]

1. e4 b6 2. d4 Bb7 3. Bd3 Nf6 4. Qe2 Nc6 5. c3 e5 6. Nf3 d6 7. a3 Be7 8. 0-0 0-0 9. Nbd2 Nd7 10. Nc4 Bf6 11. d5 Ne7 12. Ne3 g6 13. Ng4 Bg7 14. Nh6+ Kh8 15. h4 Bc8 16. Bg5 f6 17. Bd2 Nc5 18. Bc2 f5 19. exf5 gxf5 20. b4 Nb7 21. Bg5 Qe8 22. Qc4 b5 23. Qb3 Bd7 24. Rad1 Ng8 25. Nxg8 Rxg8 26. Qb1 e4 27. Nd4 Qg6 28. g3 h6 29. Bf4 Nd8 30. Kg2 Nf7 31. h5 Qg4 32. f3 exf3+ 33. Rxf3 Rae8 34. Bxf5 Re2+ 35. Kf1 Bxf5 36. Qxf5 Rf2+ 37. Kxf2 Bxd4+ 38. Be3 Bxe3+ 39. Kxe3 Qxf5 40. Rxf5 Rxg3+ 41. Kf4 Rg2 42. Rf1 Ne5 43. Rf8+ Kh7 44. Kf5 Rg3 45. Ke6 Re3 46. Rc8 Nc4+ 47. Kf6 Nb6 48. Rxc7+ 1-0

[Event "Lazy op 8th"]
[Site "Lazy"]
[Date "2012.07.06"]
[Round "7"]
[White "Snihur, Piotr"]
[Black "Halamus, Agata"]
[Result "0-1"]
[WhiteElo "1997"]
[BlackElo "2056"]
[PlyCount "69"]
[EventDate "2012.06.30"]
[EventType "swiss"]
[EventRounds "9"]
[EventCountry "POL"]
[SourceTitle "CBM 149 Extra"]
[Source "ChessBase"]
[SourceDate "2012.08.24"]
[SourceVersion "1"]
[SourceVersionDate "2012.08.24"]
[SourceQuality "1"]

1. e4 e5 2. Nf3 Nc6 3. Bb5 a6 4. Ba4 Nf6 5. Qe2 Be7 6. c3 b5 7. Bb3 0-0 8. a4 Rb8 9. axb5 axb5 10. 0-0 Bc5 11. Nxe5 Nxe5 12. d4 Ng6 13. dxc5 Qe7 14. Bc2 Qxc5 15. Be3 Qc6 16. Nd2 Bb7 17. f3 Ne5 18. Ra5 Ba8 19. Ba7 Rb7 20. Bd4 d6 21. Rfa1 Rbb8 22. f4 Ned7 23. Ra6 Qb7 24. Ra7 Qc8 25. Re1 Re8 26. Qd3 g6 27. b4 Qd8 28. Bb3 Re7 29. Qb1 c5 30. bxc5 dxc5 31. Bf2 Nb6 32. Rxe7 Qxe7 33. Bc2 Ng4 34. Bg3 Qd7 35. Nb3 0-1

[Event "Litomysl op 13th"]
[Site "Litomysl"]
[Date "2011.12.28"]
[Round "4"]
[White "Goluch, Piotr"]
[Black "Halamus, Agata"]
[Result "1-0"]
[WhiteElo "2203"]
[BlackElo "2060"]
[PlyCount "81"]
[EventDate "2011.12.26"]
[EventType "swiss"]
[EventRounds "9"]
[EventCountry "CZE"]
[SourceTitle "CBM 146 Extra"]
[Source "ChessBase"]
[SourceDate "2012.02.29"]
[SourceVersion "1"]
[SourceVersionDate "2012.02.29"]
[SourceQuality "1"]

1. e4 e5 2. Nf3 Nc6 3. Bb5 a6 4. Ba4 Nf6 5. 0-0 Be7 6. Re1 b5 7. Bb3 0-0 8. h3 d6 9. c3 Na5 10. Bc2 c5 11. d4 cxd4 12. cxd4 Nc6 13. Nc3 exd4 14. Nxd4 Nxd4 15. Qxd4 Bb7 16. Bg5 Rc8 17. a4 Rc5 18. Bh4 Nh5 19. Bxe7 Qxe7 20. axb5 axb5 21. g3 Qg5 22. h4 Qf6 23. Red1 Qxd4 24. Rxd4 Nf6 25. Bd3 d5 26. e5 Nd7 27. f4 Bc6 28. Ra3 Ra8 29. Rxa8+ Bxa8 30. Bxb5 Nb6 31. Rb4 Rc8 32. Ba6 Rb8 33. Bf1 Rb7 34. Bg2 Nc4 35. Rxc4 dxc4 36. Bxb7 Bxb7 37. Kf2 Kf8 38. Ke3 Ke7 39. Kd4 Ke6 40. Nb5 f6 41. Nd6 1-0

[Event "Litomysl op 13th"]
[Site "Litomysl"]
[Date "2011.12.27"]
[Round "3"]
[White "Halamus, Agata"]
[Black "Burdalev, Kirill"]
[Result "0-1"]
[WhiteElo "2060"]
[BlackElo "2314"]
[PlyCount "42"]
[EventDate "2011.12.26"]
[EventType "swiss"]
[EventRounds "9"]
[EventCountry "CZE"]
[SourceTitle "CBM 146 Extra"]
[Source "ChessBase"]
[SourceDate "2012.02.29"]
[SourceVersion "1"]
[SourceVersionDate "2012.02.29"]
[SourceQuality "1"]

1. e4 e6 2. d4 d5 3. Nd2 Nf6 4. e5 Nfd7 5. Bd3 c5 6. c3 b6 7. Ne2 Ba6 8. Bxa6 Nxa6 9. Nf4 Nc7 10. 0-0 Be7 11. Qg4 g6 12. Nf3 h5 13. Qh3 Qc8 14. g4 Qa6 15. gxh5 0-0-0 16. h6 Rdg8 17. Qg4 g5 18. Nh5 Rxh6 19. Nxg5 Bxg5 20. f4 Rxh5 21. Qxh5 Bh4+ 0-1

[Event "Politiken Cup 33rd"]
[Site "Helsingor"]
[Date "2011.08.06"]
[Round "9"]
[White "Halamus, Agata"]
[Black "Veng, Johny"]
[Result "1/2-1/2"]
[WhiteElo "2076"]
[BlackElo "2309"]
[PlyCount "41"]
[EventDate "2011.07.30"]
[EventType "swiss"]
[EventRounds "10"]
[EventCountry "DEN"]
[SourceTitle "CBM 143 Extra"]
[Source "ChessBase"]
[SourceDate "2011.08.29"]
[SourceVersion "1"]
[SourceVersionDate "2011.08.29"]
[SourceQuality "1"]

1. e4 c5 2. Nf3 d6 3. d4 cxd4 4. Nxd4 Nf6 5. Nc3 a6 6. h3 e6 7. g4 b5 8. Bg2 Bb7 9. a3 Qc7 10. Be3 Nc6 11. Nxc6 Qxc6 12. Qe2 Rc8 13. Rd1 Qc4 14. Rd4 Qxe2+ 15. Kxe2 e5 16. Rd2 Rc4 17. Nd5 Nxd5 18. exd5 Be7 19. Kd3 Bc8 20. b3 Rc7 21. f4 1/2-1/2

[Event "Politiken Cup 33rd"]
[Site "Helsingor"]
[Date "2011.08.03"]
[Round "6"]
[White "Sbarra, Marco"]
[Black "Halamus, Agata"]
[Result "1-0"]
[WhiteElo "2266"]
[BlackElo "2076"]
[PlyCount "53"]
[EventDate "2011.07.30"]
[EventType "swiss"]
[EventRounds "10"]
[EventCountry "DEN"]
[SourceTitle "CBM 143 Extra"]
[Source "ChessBase"]
[SourceDate "2011.08.29"]
[SourceVersion "1"]
[SourceVersionDate "2011.08.29"]
[SourceQuality "1"]

1. d4 Nf6 2. c4 g6 3. Nc3 d5 4. Bf4 Bg7 5. Rc1 0-0 6. e3 c5 7. dxc5 Qa5 8. cxd5 Ne4 9. Nge2 Nxc5 10. a3 Ne4 11. f3 Nxc3 12. Nxc3 Rd8 13. Bc4 b5 14. Bb3 b4 15. axb4 Qxb4 16. 0-0 a5 17. d6 e5 18. Bg5 Nc6 19. Nd5 Qxd6 20. Rxc6 Qxc6 21. Ne7+ Kf8 22. Qxd8+ Qe8 23. Qxe8+ Kxe8 24. Nxc8 Rxc8 25. Ba4+ Kf8 26. e4 Rc4 27. Rc1 1-0

[Event "Politiken Cup 33rd"]
[Site "Helsingor"]
[Date "2011.08.01"]
[Round "4"]
[White "Schmidt, Kresten"]
[Black "Halamus, Agata"]
[Result "1-0"]
[WhiteElo "2289"]
[BlackElo "2076"]
[PlyCount "75"]
[EventDate "2011.07.30"]
[EventType "swiss"]
[EventRounds "10"]
[EventCountry "DEN"]
[SourceTitle "CBM 143 Extra"]
[Source "ChessBase"]
[SourceDate "2011.08.29"]
[SourceVersion "1"]
[SourceVersionDate "2011.08.29"]
[SourceQuality "1"]

1. e4 e5 2. Nf3 Nc6 3. Bb5 a6 4. Ba4 Nf6 5. Qe2 b5 6. Bb3 Be7 7. c3 0-0 8. 0-0 d6 9. Rd1 Na5 10. Bc2 c5 11. d3 Nc6 12. Nbd2 Nh5 13. Nf1 f5 14. d4 exd4 15. cxd4 Qe8 16. dxc5 dxc5 17. exf5 Ra7 18. Re1 Qf7 19. a4 Nb4 20. Ne5 Qe8 21. Bb1 Bd6 22. axb5 Re7 23. f4 axb5 24. Ra8 Nc6 25. Rxc8 Qxc8 26. Qxh5 Rf6 27. Qd1 Qe8 28. Nf3 Rxe1 29. Nxe1 Nd4 30. Be3 Qc6 31. Ng3 Rf8 32. Qg4 Qe8 33. Kf2 Qe7 34. Nf3 Re8 35. Ne4 Nxf3 36. Qxf3 Qc7 37. Ng5 c4 38. Qd5+ 1-0

[Event "Copenhagen Challenge"]
[Site "Ballerup"]
[Date "2011.05.21"]
[Round "6"]
[White "Halamus, Agata"]
[Black "Andersen, Morten"]
[Result "1-0"]
[WhiteElo "2047"]
[BlackElo "2181"]
[PlyCount "81"]
[EventDate "2011.05.18"]
[EventType "swiss"]
[EventRounds "9"]
[EventCountry "DEN"]
[SourceTitle "EXT 2018"]
[Source "ChessBase"]
[SourceDate "2017.10.13"]
[SourceVersion "1"]
[SourceVersionDate "2017.10.13"]
[SourceQuality "1"]

1. e4 c5 2. Nf3 d6 3. d4 cxd4 4. Nxd4 Nf6 5. Nc3 a6 6. h3 e6 7. g4 h6 8. Bg2 Nc6 9. Be3 Nxd4 10. Qxd4 e5 11. Qb6 Qxb6 12. Bxb6 Be6 13. 0-0-0 Rc8 14. f4 Nd7 15. Be3 exf4 16. Bxf4 Ne5 17. Nd5 Be7 18. Kb1 f6 19. b3 b5 20. Bd2 Bxd5 21. exd5 Bd8 22. Be4 Bb6 23. Bf5 Ra8 24. h4 Ke7 25. Rdf1 a5 26. Be6 b4 27. g5 hxg5 28. hxg5 Nf3 29. gxf6+ gxf6 30. Bc1 Ne5 31. Bh6 Rh7 32. Bf8+ Rxf8 33. Rxh7+ Kd8 34. Rh6 Ke7 35. Rh7+ Kd8 36. Rb7 Bc7 37. Ra7 Nd7 38. Rh1 Nc5 39. Ra8+ Ke7 40. Rh7+ Rf7 41. Rxf7# 1-0

[Event "Copenhagen Challenge"]
[Site "Ballerup"]
[Date "2011.05.21"]
[Round "7"]
[White "Hove, Esben Kjems"]
[Black "Halamus, Agata"]
[Result "1-0"]
[WhiteElo "2276"]
[BlackElo "2047"]
[PlyCount "83"]
[EventDate "2011.05.18"]
[EventType "swiss"]
[EventRounds "9"]
[EventCountry "DEN"]
[SourceTitle "EXT 2018"]
[Source "ChessBase"]
[SourceDate "2017.10.13"]
[SourceVersion "1"]
[SourceVersionDate "2017.10.13"]
[SourceQuality "1"]

1. d4 d5 2. Nf3 Nf6 3. c4 e6 4. Nc3 Be7 5. Bf4 c6 6. e3 Nbd7 7. h3 0-0 8. Qc2 Re8 9. cxd5 exd5 10. Bd3 Nf8 11. 0-0 Ne6 12. Be5 g6 13. Rab1 a5 14. a3 Ng7 15. b4 axb4 16. axb4 Bf5 17. Ne1 Bd6 18. Bxd6 Qxd6 19. Bxf5 Nxf5 20. Nd3 Nd7 21. Nc5 b6 22. Nxd7 Qxd7 23. b5 Rec8 24. Qb3 Ne7 25. bxc6 Rxc6 26. Na2 Rc4 27. Nb4 Qd6 28. Rfd1 b5 29. Nd3 Rb8 30. Ne5 Ra4 31. Rdc1 f6 32. Nd3 Rc4 33. Nb2 Rb4 34. Qa3 Rb6 35. Rc5 Nc6 36. Rbc1 Rc4 37. Nxc4 dxc4 38. Qa8+ Kg7 39. Rb1 b4 40. Rxc4 b3 41. Qa4 b2 42. Rc2 1-0

[Event "Rewal op-A 15th"]
[Site "Rewal"]
[Date "2010.08.21"]
[Round "3"]
[White "Jagodzinski, Piotr"]
[Black "Halamus, Agata"]
[Result "0-1"]
[WhiteElo "2189"]
[BlackElo "1996"]
[PlyCount "88"]
[EventDate "2010.08.19"]
[EventType "swiss"]
[EventRounds "9"]
[EventCountry "POL"]
[SourceTitle "EXT 2013"]
[Source "ChessBase"]
[SourceDate "2012.11.22"]
[SourceVersion "1"]
[SourceVersionDate "2012.11.22"]
[SourceQuality "1"]

1. Nf3 c5 2. b3 Nc6 3. Bb2 d6 4. e3 e5 5. d3 Nge7 6. Nbd2 Nf5 7. c4 g6 8. a3 Bg7 9. Qc2 Be6 10. Be2 a5 11. 0-0 0-0 12. Rfd1 a4 13. Ne4 axb3 14. Qxb3 Na5 15. Qc2 Qc7 16. Nc3 Rfd8 17. Ng5 Qe7 18. Nxe6 fxe6 19. Bf3 Rf8 20. Rab1 Bh6 21. Re1 Rf7 22. Nb5 Raf8 23. Be4 Nh4 24. f3 Qd8 25. Bc3 Nc6 26. Qa2 Ne7 27. d4 d5 28. Bd3 Nef5 29. Bxf5 Rxf5 30. Kh1 cxd4 31. exd4 e4 32. cxd5 exf3 33. g3 f2 34. Rf1 exd5 35. Qe2 Re8 36. Qc2 Be3 37. Bb4 Nf3 38. Rxf2 Bxf2 39. Qxf2 Nxh2 40. Qxh2 Rh5 41. Qxh5 gxh5 42. Rb2 Qd7 43. a4 Qh3+ 44. Kg1 Re3 0-1

[Event "Politiken Cup 32nd"]
[Site "Copenhagen"]
[Date "2010.08.04"]
[Round "6"]
[White "Petersen, Steen"]
[Black "Halamus, Agata"]
[Result "1-0"]
[WhiteElo "2152"]
[BlackElo "1996"]
[PlyCount "111"]
[EventDate "2010.07.31"]
[EventType "swiss"]
[EventRounds "10"]
[EventCountry "DEN"]
[SourceTitle "CBM 137 Extra"]
[Source "ChessBase"]
[SourceDate "2010.09.01"]
[SourceVersion "1"]
[SourceVersionDate "2010.09.01"]
[SourceQuality "1"]

1. e4 c5 2. Nc3 Nc6 3. Nf3 Nf6 4. Bb5 Nd4 5. e5 Nxb5 6. Nxb5 Nd5 7. Ng5 f6 8. Ne4 a6 9. Nbc3 Nf4 10. d4 cxd4 11. Bxf4 dxc3 12. Nxc3 e6 13. 0-0 Be7 14. exf6 Bxf6 15. Nd5 0-0 16. Bc7 Qe8 17. Nb6 d5 18. Nxa8 Qc6 19. Ba5 b5 20. Nb6 Bb7 21. Qg4 h5 22. Qg6 Bd4 23. Rae1 Rf6 24. Qxh5 Bxb6 25. Bxb6 d4 26. Qg4 Qxb6 27. Re5 Bd5 28. Rg5 Qa7 29. Qh5 Qf7 30. Qxf7+ Kxf7 31. Rd1 Rf4 32. f3 Kf6 33. Rxd5 exd5 34. Kf2 Ke5 35. g3 Rf6 36. f4+ Kd6 37. Rxd4 Kc5 38. c3 a5 39. a3 Rh6 40. h4 a4 41. f5 Rh8 42. Rf4 Rh5 43. Kf3 Rh8 44. Rg4 Rf8 45. Kf4 Rf7 46. h5 Re7 47. Kf3 Rf7 48. Rf4 Re7 49. Kf2 Re8 50. g4 Rh8 51. f6 gxf6 52. Rxf6 Kc4 53. Rf4+ Kc5 54. Kg3 Re8 55. h6 Re1 56. Rf2 1-0